Top 100 NCAA Basketball Scorers 2021 - Statistics

General Stats
  • This quiz has been taken 23 times
  • The average score is 31 of 100
Answer Stats
# Player PPG Team % Correct
23 DeVante' Jones 20.0 Coastal Carolina
81%
86 Jeenathan Williams 17.4 Buffalo
75%
21 Cade Cunningham 20.2 Oklahoma State
69%
24 Jhivvan Jackson 19.9 UTS
69%
5 Loren Cristian Jackson 22.3 Akron
69%
3 Luka Garza 23.7 Iowa
69%
58 Marreon Jackson 18.4 Toledo
69%
1 Max Abmas 24.2 Oral Roberts
69%
4 Cameron Thomas 22.6 LSU
63%
42 Trayce Jackson-Davis 19.1 Indiana
63%
44 Tyler Thomas 19.1 Sacred Heart
63%
T96 Amari Davis 17.3 Green Bay
56%
2 Antoine Davis 24.0 Detroit Mercy
56%
18 Ayo Dosunmu 20.7 Illinois
56%
37 Corey Kispert 19.2 Gonzaga
56%
47 Hayden Brown 18.8 The Citadel
56%
T77 Isiah Brown 17.7 Weber State
56%
T50 Kendric Davis 18.8 SMU
56%
82 Kofi Cockburn 17.6 Illinois
56%
54 Ryan Davis 18.5 Vermont
56%
52 Drew Timme 18.7 Gonzaga
50%
34 Danny Pippen 19.3 Kent State
44%
16 Scotty Pippen Jr. 20.8 Vanderbilt
44%
35 Isaiah Miller 19.3 UNC Greensboro
38%
31 Marcus Carr 19.4 Minnesota
38%
T67 Quentin Grimes 18.0 Houston
38%
49 Tre Mitchell 18.8 UMass
38%
79 Charles Bassey 17.7 Western Kentucky
31%
66 Jahmir Young 18.0 Charlotte
31%
19 Jamir Harris 20.5 American
31%
26 Julian Champagnie 19.8 St. John's
31%
T67 Justin Champagnie 18.0 Pittsburgh
31%
60 Matthew Hurt 18.3 Duke
31%
88 Moses Moody 17.4 Arkansas
31%
30 Nah'Shon Hyland 19.5 VCU
31%
40 Remy Martin 19.1 Arizona State
31%
12 Santi Aldama 21.2 Loyola (MD)
31%
T77 Austin Reaves 17.7 Oklahoma
25%
63 Colbey Ross 18.2 Pepperdine
25%
84 Dontarius James 17.5 Jacksonville
25%
53 Grant Sherfield 18.6 Nevada
25%
56 Isaiah Ross 18.4 Iona
25%
71 Jalen Moore 17.9 Oakland
25%
17 John-Michael Wright 20.7 High Point
25%
64 Kevin Obanor 18.2 Oral Roberts
25%
27 Matt Lewis 19.7 James Madison
25%
87 Moses Wright 17.4 Georgia Tech
25%
T94 Rayshon Harrison 17.3 Presbyterian
25%
29 Richard Washington 19.5 San José State
25%
75 Storm Murphy 17.8 Wofford
25%
8 Terry Taylor 21.6 Austin Peay
25%
48 Tyson Walker 18.8 Northeastern
25%
62 Ahmed Ali 18.2 Portland
19%
45 A.J. Plitzuweit 19.0 South Dakota
19%
98 Brandon McKissic 17.2 UMKC
19%
38 Cameron Shelton 19.2 Northern Arizona
19%
20 Darrion Trammell 20.5 Seattle U
19%
13 Davion Warren 21.2 Hampton
19%
99 De'Torrion Ware 17.2 Morgan State
19%
70 Eli Scott 18.0 Loyola Marymount
19%
76 Isaac Bonton 17.7 Washington State
19%
25 Isiaih Mosley 19.8 Missouri State
19%
65 Jalen Crutcher 18.1 Dayton
19%
91 Jamaree Bouyea 17.3 San Francisco
19%
41 James Bishop 19.1 George Washington
19%
39 Jase Townsend 19.2 Denver
19%
10 Justin Jaworski 21.5 Lafayette
19%
36 Justin Turner 19.3 Bowling Green
19%
81 Kaiden Rice 17.6 The Citadel
19%
46 Keaston Willis 18.9 Incarnate Word
19%
90 Kellan Grady 17.3 Davidson
19%
T67 Matt Bradley 18.0 California
19%
15 Michael Flowers 21.0 South Alabama
19%
11 Obadiah Noel 21.4 UMass Lowell
19%
55 Oscar da Silva 18.5 Stanford
19%
22 Philandrous Fleming Jr. 20.1 Charleston Southern
19%
74 Riley Grigsby 17.8 Seattle U
19%
T50 Souley Boum 18.8 UTEP
19%
9 Stanley Umude 21.6 South Dakota
19%
28 Taevion Kinsey 19.5 Marshall
19%
89 Taylor Funk 17.3 Saint Joseph's
19%
T96 Timmy Allen 17.3 Utah
19%
6 TJ Starks 21.7 Cal State Northridge
19%
14 Tristan Jarrett 21.1 Jackson State
19%
43 Troymain Crosby 19.1 Alcorn State
19%
92 Ty Flowers 17.3 LIU
19%
100 Tyreke Key 17.2 Indiana State
19%
73 Bryce Hamilton 17.9 UNLV
13%
85 Derrick Alston Jr. 17.4 Boise State
13%
80 Elijah Ford 17.7 Wagner
13%
59 Ethan Esposito 18.3 Sacramento State
13%
57 Greg Parham 18.4 VMI
13%
32 Jalen Ray 19.3 Hofstra
13%
93 Jamison Battle 17.3 George Washington
13%
61 Jayden Gardner 18.3 East Carolina
13%
T94 Jr. Clay 17.3 Tennessee Tech
13%
7 Marcus Burk 21.7 IUPUI
13%
83 Sandro Mamukelashvili 17.5 Seton Hall
13%
72 Travon Broadway Jr. 17.9 Central Michigan
13%
33 Zach Nutall 19.3 Sam Houston State
13%
No matching quizzes found
Score Distribution
Percent of People with Each Score
Percentile by Number Answered
Your Score History
You have not taken this quiz